NLSUI OPAC header image

Invasive alien plants : (Record no. 30333)

MARC details
000 -LEADER
fixed length control field 05410cam a22004094a 4500
001 - CONTROL NUMBER
control field 16889769
003 - CONTROL NUMBER IDENTIFIER
control field OSt
005 - DATE AND TIME OF LATEST TRANSACTION
control field 20210530170506.0
008 - FIXED-LENGTH DATA ELEMENTS--GENERAL INFORMATION
fixed length control field 110726s2012 enkab b 001 0 eng
010 ## - LIBRARY OF CONGRESS CONTROL NUMBER
LC control number 2011026515
020 ## - INTERNATIONAL STANDARD BOOK NUMBER
International Standard Book Number 9781845939076 (alk. paper)
020 ## - INTERNATIONAL STANDARD BOOK NUMBER
International Standard Book Number 1845939077 (alk. paper)
035 ## - SYSTEM CONTROL NUMBER
System control number (OCoLC)ocn743298757
040 ## - CATALOGING SOURCE
Original cataloging agency DLC
Language of cataloging eng
Transcribing agency DLC
Modifying agency YDX
-- YDXCP
-- AGL
-- BWX
-- CDX
-- DLC
042 ## - AUTHENTICATION CODE
Authentication code pcc
043 ## - GEOGRAPHIC AREA CODE
Geographic area code a-ii---
050 00 - LIBRARY OF CONGRESS CALL NUMBER
Classification number SB613.I4
Item number I57 2012
082 00 - DEWEY DECIMAL CLASSIFICATION NUMBER
Classification number 333.95/330954
Edition number 23
245 00 - TITLE STATEMENT
Title Invasive alien plants :
Remainder of title an ecological appraisal for the Indian subcontinent /
Statement of responsibility, etc. edited by J.R. Bhatt ... [et al.].
260 ## - PUBLICATION, DISTRIBUTION, ETC.
Place of publication, distribution, etc. Wallingford, Oxfordshire, UK ;
-- Cambridge, MA :
Name of publisher, distributor, etc. CAB International,
Date of publication, distribution, etc. c2012.
300 ## - PHYSICAL DESCRIPTION
Extent ix, 314 p. :
Other physical details ill., maps ;
Dimensions 25 cm.
490 1# - SERIES STATEMENT
Series statement CABI invasive species series ;
Volume/sequential designation 1
504 ## - BIBLIOGRAPHY, ETC. NOTE
Bibliography, etc. note Includes bibliographical references and index.
505 ## - FORMATTED CONTENTS NOTE
Formatted contents note Contents:<br/>Book Chapters<br/>Chapter: 1 (Page no: 1) <br/>Plant invasion in India: an overview.<br/>Author(s): Kohli, R. K., Batish, D. R., Singh, J. S., Singh, H. P., Bhatt, J. R.<br/>Chapter: 2 (Page no: 10) <br/>Biology, ecology and spread of the invasive weed Parthenium hysterophorus in India.<br/>Author(s): Batish, D. R., Kohli, R. K., Singh, H. P., Kaur, G.<br/>Chapter: 3 (Page no: 19) <br/>Invasive species: ecology and impact of Lantana camara invasions.<br/>Author(s): Sharma, G. P., Raghubanshi, A. S.<br/>Chapter: 4 (Page no: 43) <br/>Biology of Chromolaena odorata, Ageratina adenophora and Ageratina riparia: a review.<br/>Author(s): Tripathi, R. S., Yadav, A. S., Kushwaha, S. P. S.<br/>Chapter: 5 (Page no: 57) <br/>Ageratum conyzoides: an alien invasive weed in India.<br/>Author(s): Kaur, S., Batish, D. R., Kohli, R. K., Singh, H. P.<br/>Chapter: 6 (Page no: 77) <br/>Predicting the geographical distribution of an invasive species (Chromolaena odorata L. (King) & H.E. Robins) in the Indian subcontinent under climate change scenarios.<br/>Author(s): Barik, S. K., Adhikari, D.<br/>Chapter: 7 (Page no: 89) <br/>Impacts of cultivation of Kappaphycus alvarezii on coral reef environs of the Gulf of Mannar and Palk Bay, South-eastern India.<br/>Author(s): Patterson Edward, J. K., Bhatt, J. R.<br/>Chapter: 8 (Page no: 99) <br/>Biology of Mikania micrantha H.B.K.: a review.<br/>Author(s): Tripathi, R. S., Khan, M. L., Yadav, A. S.<br/>Chapter: 9 (Page no: 108) <br/>Anthemis cotula L.: a highly invasive species in the Kashmir Himalaya, India.<br/>Author(s): Reshi, Z. A., Shah, M. A., Rashid, I., Rasool, N.<br/>Chapter: 10 (Page no: 126) <br/>A brief appraisal of genus Potamogeton L. in the Kashmir valley.<br/>Author(s): Ganie, A. H., Reshi, Z. A., Wafai, B. A.<br/>Chapter: 11 (Page no: 131) <br/>Remote sensing of invasive alien plant species.<br/>Author(s): Kushwaha, S. P. S.<br/>Chapter: 12 (Page no: 139) <br/>Invasive alien weeds of the Western Ghats: taxonomy and distribution.<br/>Author(s): Rao, R. R., Sagar, K.<br/>Chapter: 13 (Page no: 162) <br/>Invasive alien plants in tropical forests of the South-eastern Ghats, India: ecology and management.<br/>Author(s): Parthasarathy, N., Pragasan, L. A., Muthumperumal, C.<br/>Chapter: 14 (Page no: 174) <br/>Status of alien plant invasions in the North-eastern region of India.<br/>Author(s): Shankar, U., Yadav, A. S., Rai, J. P. N., Tripathi, R. S.<br/>Chapter: 15 (Page no: 189) <br/>Invasive alien weeds in the tropics: the changing pattern in the herbaceous flora of Meghalaya in North-east India.<br/>Author(s): Rao, R. R., Kavitha Sagar<br/>Chapter: 16 (Page no: 199) <br/>Invasion by alien macrophytes in freshwater ecosystems of India.<br/>Author(s): Shah, M. A., Reshi, Z. A.<br/>Chapter: 17 (Page no: 216) <br/>Plant invasions in Jammu and Kashmir state, India.<br/>Author(s): Khuroo, A. A., Reshi, Z. A., Dar, G. H., Hamal, I. A.<br/>Chapter: 18 (Page no: 227) <br/>Risk assessment for management of biological invasions.<br/>Author(s): Reshi, Z. A., Irfan Rashid<br/>Chapter: 19 (Page no: 244) <br/>Economics of invasive alien species.<br/>Author(s): Vinish Kathuria, Singh, S. P.<br/>Chapter: 20 (Page no: 257) <br/>Population dynamics of invasive alien species of Eupatorium.<br/>Author(s): Tripathi, R. S., Yadav, A. S.<br/>Chapter: 21 (Page no: 271) <br/>Resource utilization and beneficial aspects of invasive alien weeds with special reference to the Western Ghats, India.<br/>Author(s): Rao, R. R., Kavitha Sagar, Sathyanarayana, N.<br/>Chapter: 22 (Page no: 282) <br/>Lantana mulching for soil fertility improvement, soil and water conservation and crop yield enhancement in rainfed rice in the Kumaun hills.<br/>Author(s): Kumar, P., Pant, M., Negi, G. C. S.<br/>Chapter: 23 (Page no: 292) <br/>Control of Lantana and restoration of biodiversity in reserve forests of Chandigarh: a case study.<br/>Author(s): Ishwar Singh<br/>Chapter: 24 (Page no: 299) <br/>Woody, alien and invasive Prosopis juliflora (Swartz) D.C.: management dilemmas and regulatory issues in Gujarat.<br/>Author(s): Pandey, C. N., Pandey, R., Bhatt, J. R.
650 #0 - SUBJECT ADDED ENTRY--TOPICAL TERM
Topical term or geographic name entry element Invasive plants
Geographic subdivision India.
650 #0 - SUBJECT ADDED ENTRY--TOPICAL TERM
Topical term or geographic name entry element Plant ecology
Geographic subdivision India.
650 #0 - SUBJECT ADDED ENTRY--TOPICAL TERM
Topical term or geographic name entry element Plant diversity
Geographic subdivision India.
650 #0 - SUBJECT ADDED ENTRY--TOPICAL TERM
Topical term or geographic name entry element Invasive plants
General subdivision Control
Geographic subdivision India.
650 #0 - SUBJECT ADDED ENTRY--TOPICAL TERM
Topical term or geographic name entry element Invasive plants
General subdivision Government policy
Geographic subdivision India.
650 #0 - SUBJECT ADDED ENTRY--TOPICAL TERM
Topical term or geographic name entry element Environmental policy
Geographic subdivision India.
651 #0 - SUBJECT ADDED ENTRY--GEOGRAPHIC NAME
Geographic name India
General subdivision Environmental conditions.
700 1# - ADDED ENTRY--PERSONAL NAME
Personal name Bhatt, J. R.
830 #0 - SERIES ADDED ENTRY--UNIFORM TITLE
Uniform title CABI invasive species series ;
Volume/sequential designation 1.
906 ## - LOCAL DATA ELEMENT F, LDF (RLIN)
a 7
b cbc
c orignew
d 1
e ecip
f 20
g y-gencatlg
942 ## - ADDED ENTRY ELEMENTS (KOHA)
Source of classification or shelving scheme Dewey Decimal Classification
Koha item type BOOKs
Holdings
Withdrawn status Lost status Damaged status Not for loan Home library Current library Shelving location Date acquired Cost, normal purchase price Total Checkouts Full call number Barcode Date last seen Price effective from Koha item type
        . .   30.05.2017 8740.00   333.95 BHA 27672 30.05.2017 30.05.2017 BOOKs